| 000 | 01459nam a22002537a 4500 | ||
|---|---|---|---|
| 003 | Uzh_bibl | ||
| 008 | 250408b |||||||| |||| 00| 0 ukr d | ||
| 020 |
_a978-617-656-152-1 _c27.41 |
||
| 040 | _bукр. | ||
| 041 |
_2ukr _aukr |
||
| 080 | _a82(100) | ||
| 090 |
_a82(100) _bУ 31 |
||
| 100 | _aУдовиченко, Лариса | ||
| 245 |
_aЕнциклопедія - довідник зі світової літератури. _cЗа ред. Н.М. Кадоб'янської _hТекст |
||
| 260 |
_aКиїв _bВидавничий дім "Освіта" _c2012 |
||
| 300 |
_a144 с. _fВ опр. |
||
| 520 | _aПропонований довідник зі світової літератури містить відомості про письменників світу. В ньому можна прочитати про міф і казку, античну літературу, літературу Давнього світу і Середніх віків, епохи Відродження і Просвітництва, мистецтво Нового часу. | ||
| 521 | _a Для учнів, учителів, студентів, широкого кола читачів. | ||
| 546 | _aукр. | ||
| 650 | _aДовідкова видання | ||
| 653 |
_aЯк з'явилося словесне мистецтво. _aЛітература різних епох. |
||
| 655 |
_aКритика _vНариси |
||
| 942 |
_2udc _cBK |
||
| 999 |
_c16977 _d16977 |
||